A biomechanical analysis of the effects of two paddle types on performance in North American canoe racing /

Bibliographic Details
Main Author: Nolan, Gerald Neil, 1943-
Format: Thesis Microform Book
Language:English
Published: [Place of publication not identified] : [publisher not identified] ; 1979.
Subjects:

MARC

Tag First Indicator Second Indicator Subfields
LEADER 00000cam a2200000 a 4500
001 in00000084257
005 20151008055729.0
007 he bm----b---
008 810413r19811979orua bb 00010 eng d
035 |a (OCoLC)07332877 
035 |9 AAJ4230AM 
040 |a Univ. of Oregon  |c XBM  |d XBM  |d TXA  |d UtOrBLW 
043 |a n------ 
049 |a TXAI 
082 0 |a 797.14 
099 |a fiche  |a C  |a 4116 
100 1 |a Nolan, Gerald Neil,  |d 1943- 
245 1 2 |a A biomechanical analysis of the effects of two paddle types on performance in North American canoe racing /  |c by Gerald Neil Nolan. 
264 1 |a [Place of publication not identified] :  |b [publisher not identified] ;  |c 1979. 
300 |a viii, 50 leaves :  |b illustrations 
336 |a text  |b txt  |2 rdacontent 
337 |a microform  |b h  |2 rdamedia 
338 |a microfiche  |b he  |2 rdacarrier 
500 |a Vita. 
502 |b M.A.  |c University of Oregon  |d 1979. 
504 |a Bibliography: leaf 50. 
533 |a Microfiche.  |b Eugene :  |c Microform Publications, College of Health, Physical Education and Recreation, University of Oregon,  |d 1981.  |e 1 microfiche : negative, ill. ; 11 x 15 cm. 
500 |a Microform. 
650 0 |a Canoe racing  |x Physiological aspects. 
650 0 |a Canoes and canoeing. 
999 |a MARS 
999 f f |s dec06a4d-1112-33de-a01d-825bdb0d0aa9  |i 90e5b6e1-da00-3188-9b0f-fe9da8bbd803  |t 0 
952 f f |p normal  |a Texas A&M University  |b College Station  |c Sterling C. Evans Library  |d Evans: Microforms (3rd floor)  |t 0  |e fiche C 4116  |h Other scheme  |i microform -- microfiche  |m A14821766202 
998 f f |a fiche C 4116  |t 0  |l Evans: Microforms (3rd floor)